000 00904aam a2200265 a 4500
003 OSt
005 20231106144548.0
007 ta
008 231010s2022 mx a|||| |||| 00| 0 spa d
020 _a9786071206114
040 _cCHAP
_erda
090 _aFolleto 18540
100 0 _941679
_aFlores Peralta, Irma Reina
245 1 0 _aPropagación de plantas de chirimoya /
_cpor Irma Reina Flores Peralta y Eduardo Campos Rojas
264 1 _aMéxico:
_bUniversidad Autónoma Chapingo.
_c2022
300 _a31 páginas:
_bIlustraciones.
336 _2rdacontent
_atexto
_btxt
337 _2rdamedia
_asin medio
_bn
338 _2rdacarrier
_avolumen
_bnc
504 _aBibliografía página 30
650 4 _9135340
_aChirimoya
_xPropagación
650 4 _922612
_aChirimoya
_xFisiología y morfología
700 1 _918135
_aCampos Rojas, Eduardo
942 _2Clasificación Universidad Autónoma Chapingo
_cFOLL
999 _c219255
_d219255